| 000 -LEADER |
| fixed length control field |
00723cam a2200253 a 4500 |
| 001 - CONTROL NUMBER |
| control field |
13530118 |
| 005 - DATE AND TIME OF LATEST TRANSACTION |
| control field |
20171215082729.0 |
| 008 - FIXED-LENGTH DATA ELEMENTS--GENERAL INFORMATION |
| fixed length control field |
040319s2004 at 000 0 eng |
| 010 ## - LIBRARY OF CONGRESS CONTROL NUMBER |
| LC control number |
2004297985 |
| 020 ## - INTERNATIONAL STANDARD BOOK NUMBER |
| International Standard Book Number |
0768912407 (pbk.) |
| 035 ## - SYSTEM CONTROL NUMBER |
| System control number |
(OCoLC)ocm53885314 |
| 040 ## - CATALOGING SOURCE |
| Original cataloging agency |
NUW |
| Transcribing agency |
NUW |
| Modifying agency |
SPP |
| -- |
DLC |
| 041 ## - LANGUAGE CODE |
| Language code of text/sound track or separate title |
eng |
| 042 ## - AUTHENTICATION CODE |
| Authentication code |
lccopycat |
| 080 ## - UNIVERSAL DECIMAL CLASSIFICATION NUMBER |
| Universal Decimal Classification number |
378.30973 FOS |
| 082 00 - DEWEY DECIMAL CLASSIFICATION NUMBER |
| Classification number |
378.30973 FOS |
| Edition number |
22 |
| 100 1# - Rafti |
| Rafti |
56 |
| 101 ## - Shkurtesa |
| Shkurtesa |
FIN |
| 245 10 - TITLE STATEMENT |
| Title |
Financial aid 101 / |
| Statement of responsibility, etc |
Carlyn Foshee Chatfield. |
| 246 18 - VARYING FORM OF TITLE |
| Title proper/short title |
Peterson's financial aid 101 |
| 906 ## - LOCAL DATA ELEMENT F, LDF (RLIN) |
| a |
7 |
| b |
cbc |
| c |
copycat |
| d |
2 |
| e |
ncip |
| f |
20 |
| g |
y-gencatlg |
| 942 ## - ADDED ENTRY ELEMENTS (KOHA) |
| Source of classification or shelving scheme |
|
| Item type |
Books |